Le vivant : Enjeux : éthique et développement (notice n° 1608057)
[ vue normale ]
| 000 -LEADER | |
|---|---|
| fixed length control field | 01007cam a2200145 4500500 |
| 005 - DATE AND TIME OF LATEST TRANSACTION | |
| control field | 20251228142133.0 |
| 041 ## - LANGUAGE CODE | |
| Language code of text/sound track or separate title | fre |
| 042 ## - AUTHENTICATION CODE | |
| Authentication code | dc |
| 100 10 - MAIN ENTRY--PERSONAL NAME | |
| Personal name | El-Haggar, Nabil |
| Relator term | author |
| 245 00 - TITLE STATEMENT | |
| Title | Le vivant : Enjeux : éthique et développement |
| 260 ## - PUBLICATION, DISTRIBUTION, ETC. | |
| Name of publisher, distributor, etc. | L'Harmattan,<br/> |
| Date of publication, distribution, etc. | 2005.<br/> |
| 520 ## - SUMMARY, ETC. | |
| Summary, etc. | Le vivant, question intemporelle, passionne les savants depuis toujours. Le développement scientifique et technique croissant suscite, plus que jamais, un intense débat, témoignant d’une grande inquiétude animée par des considérations tant culturelles et métaphysiques que politiques et éthiques. Cet ouvrage expose une partie de ces considérations et les enjeux qui en découlent. Il met en évidence la difficulté d’une étude «objective» du vivant, sujet mythique, subjectif, spirituel et énigmatique qui interroge au plus profond notre humanité. |
| 700 10 - ADDED ENTRY--PERSONAL NAME | |
| Personal name | Porchet, Maurice |
| Relator term | author |
| 856 41 - ELECTRONIC LOCATION AND ACCESS | |
| Uniform Resource Identifier | <a href="https://shs.cairn.info/le-vivant--9782747580908?lang=fr&redirect-ssocas=7080">https://shs.cairn.info/le-vivant--9782747580908?lang=fr&redirect-ssocas=7080</a> |
Pas d'exemplaire disponible.




Réseaux sociaux